[Event "SK Starnberg 1-SV Deggendorf 2"]
[Site "?"]
[Date "2024.10.06"]
[Round "1.7"]
[White "Bacholke, Michael"]
[Black "Wehr, Stephan"]
[Result "1-0"]
[WhiteElo "1886"]
[BlackElo "1996"]
[Annotator "Stockfish 17"]
[PlyCount "47"]
[EventDate "2024.??.??"]
[WhiteTeam "SV Deggendorf 2"]
[BlackTeam "SK Starnberg 1"]

{[%evp 19,47,42,38,11,65,71,251,243,441,433,422,438,420,418,555,616,1104,1110,
930,644,645,645,638,638,637,591,623,610,896,865]} 1. e4 c5 2. Nc3 e6 3. Nf3 Nc6
4. Bb5 Nge7 5. O-O a6 6. Bxc6 Nxc6 7. d4 cxd4 8. Nxd4 Be7 9. Re1 d6 10. Nxc6
bxc6 11. e5 dxe5 (11... O-O 12. exd6 Bxd6 13. Ne4 Bc7 $11) 12. Qg4 $1 {Td1 ist
eine echte Drohung.} ({Natürlich nicht} 12. Rxe5 Qxd1+ 13. Nxd1 O-O $11) 12...
O-O $2 {führt geradewegs in die Katastrofe [#]} ({er mußte einen
Verteidigungsweg finden wie} 12... Kf8 $16 13. Rxe5 f6 14. Qf3 Kf7 15. Be3 Qc7
{und Schwarz hält stand}) 13. Bh6 $1 $18 {[%csl Gh6][%cal Rg4g7] Weiß hat
entscheidenden Vorteil. Der Angriff läuft in der Folge mit großer Präzision
ab} Bf6 (13... g6 14. Bxf8 (14. Rxe5 Re8 $11) 14... Kxf8 15. Rxe5 h5 16. Qf3
Qc7 17. Ree1 Kg7 $18 {bot in der praktischen Partie noch kleine Chancen}) {
das Spiel ist entschieden} 14. Ne4 Kh8 {[#]} (14... Bd7 15. Rad1 Ra7 16. Re3 g6
17. Bxf8 Kxf8 18. Red3 $18) 15. Rad1 $1 Qe7 16. Be3 Qc7 (16... Rg8 17. Bc5 Qe8
18. Nd6 Qf8 19. Qh5 g6 20. Qf3 $18) 17. Nxf6 {Weiss will mit Dh4 Matt setzen.
Weiß steht klar auf Gewinn.} gxf6 18. Qh4 {[%eval 32748,0] ist die Folge} Qe7
{[#]} 19. Bc5 $1 {[%mdl 576] Spiess} Qxc5 20. Qxf6+ {[%mdl 64] Doppelangriff}
Kg8 21. Rxe5 Qxe5 22. Qxe5 {Droht Matt per Dg5+.} f6 23. Qg3+ Kf7 24. Qc7+ {
[%mdl 64] Doppelangriff.} (24. Qc7+ Kg6 25. Rd3 e5 26. Rg3+ Kf5 27. Qg7 Ke6 28.
Qxf8 {gewinnt zwingend}) 1-0

[Event "SK Starnberg 1-SV Deggendorf 2"]
[Site "?"]
[Date "2024.10.06"]
[Round "1.8"]
[White "Absmaier, Friedrich"]
[Black "Gahr, Michael"]
[Result "1-0"]
[WhiteElo "1979"]
[BlackElo "1870"]
[Annotator "Stockfish 17"]
[PlyCount "79"]
[EventDate "2024.??.??"]
[WhiteTeam "SK Starnberg 1"]
[BlackTeam "SV Deggendorf 2"]

{[%evp 11,79,32,27,-1,68,18,65,-36,-1,-12,23,19,74,77,112,112,84,91,155,142,
142,141,153,114,114,118,183,106,117,114,114,102,123,101,105,67,72,31,35,-288,
180,-156,277,285,323,320,319,315,320,325,317,309,388,378,376,380,396,360,390,
390,466,460,452,449,451,426,29996,29997,29997,29998]} 1. e4 e6 2. d4 d5 3. exd5
exd5 4. Nf3 Bd6 5. Bd3 (5. c4 Nf6 6. Nc3 c6 7. Bg5 O-O 8. cxd5 h6 9. Bh4 Qb6
10. Qd2 Nxd5 11. Bg3 {Kramnik,V-Polgar,Ju Novgorod 1996}) 5... Nf6 6. O-O O-O
7. c4 (7. Bg5 Bg4 8. Nbd2 Nbd7 9. c3 c6 10. Qc2 Qc7 {auch so kann es laufen,
Chigorin,M-Maroczy,G Ostende 1905}) 7... Bg4 (7... dxc4 $11 8. Bxc4 Nc6) 8. h3
Bh5 9. Bg5 (9. c5 $14 Be7 10. Nc3) 9... dxc4 (9... h6 $5 {[%cal Rh6g5]} 10.
Bxf6 Qxf6 $11) 10. Bxc4 Nbd7 11. Nc3 Nb6 $6 (11... h6 {sollte man einschalten}
12. Bh4 c6 $11) 12. Bb3 c6 13. g4 Bg6 14. Ne5 Bxe5 $6 (14... a5 $142) 15. dxe5
$16 {Und weiter mit Dxd8 wäre nett.} Qxd1 16. Raxd1 $16 {Weiß hat großen
Vorteil} Ne4 17. Bh4 (17. Be3 $1 Nxc3 18. bxc3 Be4 19. c4 Bf3 20. Rd4 {die
schwarze Stellung ist viel schwieriger, als es aussieht. Bewertung von
Stockfish + 1.80}) 17... Nxc3 (17... a5 18. a4 Nc5 19. Ba2 Na6 20. f4 Bc2 $14 {
war am genauesten}) 18. bxc3 Be4 $6 {[#]} (18... a5 $16 {ist eine bessere
Verteidigung.}) 19. Rd4 (19. c4 $1 $18) 19... Bf3 20. Re1 c5 21. Rd6 c4 22. Bc2
Nd5 (22... Rfe8 $142 23. Kh2 Bc6) 23. a4 Rfe8 $14 {Weiß hat nicht zwingend
genug gespielt und Schwarz hat sich gut erholt} (23... Nxc3 $2 24. Re3 $18) 24.
Bf5 Nf4 $1 $11 {[%cal Rf4g2] Und ...Sg2 würde nun gewinnen.} (24... Nxc3 $6
25. Re3 $16) 25. Bd7 $2 {[%mdl 8192] bietet dem Schwarzen sogar die Chance zum
Gewinn. [#]} (25. Bg3 $14 {behält die Oberhand.} Nxh3+ 26. Kh2) 25... Rf8 $4 {
[%mdl 8192]} (25... Ng2 $1 $19 {und Schwarz kann entspannen.} 26. Bxe8 (26. Rb1
Nxh4 27. Bxe8 Rxe8) 26... Rxe8 27. Re3 Nxh4 $19 28. e6 fxe6 29. Rexe6 Rxe6 30.
Rxe6 Bc6 $19 {war der Gewinnweg}) 26. Kh2 $2 (26. Re3 $18 Ng2 27. Rxf3 Nxh4 28.
Rf4) 26... Ng6 $2 (26... Ng2 $17 {bleibt auf Kurs.} 27. Re3 Nxh4 28. Kg3 g5 $19
) 27. Bg3 $18 {nach einigen Fehlzügen auf beiden Seiten sollte die Lage nun
geklärt sein} a6 28. Re3 Bc6 29. Bxc6 bxc6 30. Re4 ({Finger weg von} 30. Rxc6
$6 Rfc8 $18) 30... Rfe8 31. Rxc6 ({Weniger gut wäre} 31. Rxc4 Nxe5 32. Bxe5
Rxe5 $16) 31... f6 32. e6 Ne7 33. Rcxc4 Rac8 34. Bd6 {Lxe7 ist eine echte
Drohung.} Nc6 35. f4 Na5 36. Rxc8 Rxc8 37. Rb4 g6 38. f5 Rxc3 (38... Nc4 $18
39. Be7 gxf5 40. Bxf6 Nd6) 39. Rb8+ Kg7 40. Bf8+ 1-0

[Event "SC Groebenzell 2-SV Roehrnbach 1"]
[Site "?"]
[Date "2024.10.06"]
[Round "1.1"]
[White "Fuchs, Florian"]
[Black "Schmidt, Anton"]
[Result "1-0"]
[WhiteElo "2125"]
[BlackElo "2060"]
[Annotator "Stockfish"]
[PlyCount "81"]
[EventDate "2024.??.??"]
[WhiteTeam "SV Röhrnbach 1"]
[BlackTeam "SC Gröbenzell 2"]

{[%evp 20,81,121,121,119,114,124,120,121,118,118,118,121,125,128,115,134,82,82,
74,128,137,214,241,394,381,392,389,373,337,328,331,419,425,409,408,436,437,476,
475,473,451,474,471,470,461,491,485,514,521,531,532,542,533,552,531,686,675,
652,618,604,604,584,584]} 1. e4 c5 2. Nf3 Nc6 3. d4 cxd4 4. Nxd4 e5 5. Nb5 a6 (
{nach} 5... d6 6. c4 Be7 7. N1c3 a6 8. Na3 Be6 9. Be2 {ist die
Sveshnikov-Variante erreicht}) 6. Nd6+ Bxd6 7. Qxd6 Qf6 8. Qd1 Qg6 9. Nc3 Nge7
10. Be3 (10. h4 h5 11. Bg5 d5 12. exd5 Nb4 13. Bxe7 {ist auch möglich}) 10...
d5 $6 (10... d6 11. Qd2 Be6 12. h4 h5 13. Qxd6 Rd8 14. Qc5 O-O $6 (14... b5
$142 15. Rd1 O-O) 15. Bd3 f6 16. O-O-O $18 {Matulovic,M-Damjanovic,M Skopje
1967}) 11. exd5 ({Viel schlechter ist} 11. Nxd5 $6 Nxd5 12. Qxd5 (12. exd5 Nb4
$14) 12... Be6 $11) 11... Nb4 12. Bd3 ({Lieber nicht} 12. Rc1 Bf5 $15) 12...
Nxd3+ 13. Qxd3 Qxd3 $16 (13... Bf5 14. Qd2 Bxc2 15. O-O O-O 16. Bc5 $18 {
Janosevic,D-Matulovic,M Maribor 1967}) 14. cxd3 Bf5 15. Bb6 Bxd3 16. O-O-O Bf5
17. Rhe1 f6 18. f4 (18. d6 Nc6 19. Nd5 Kf7 20. Bc7 $16 {ist auch stark}) 18...
Ng6 19. fxe5 fxe5 (19... Nxe5 $142) 20. d6 Kd7 $2 (20... Bd7 $16) 21. Na4 $18 {
und der Vorteil nimmt gefährliche formen an} Rhe8 $2 (21... Raf8 {war
angesagt.} 22. Bc7 Rf6 23. Nb6+ Ke8 24. d7+ Bxd7 25. Rxd7 Rxb6 26. Rd8+ (26.
Rxg7 Rc6+ 27. Kb1 Kf8 $16) 26... Ke7 27. Bxb6 Rxd8) 22. Bc7 {[#] Und Sb6+
würde nun gewinnen.} b5 23. Nb6+ Kc6 24. Nxa8 Rxa8 25. Re3 Nf4 26. g3 Ne6 27.
Rxe5 {Weiß hat das bemerkenswer stark gespielt und hat eine Gewinnstellung}
Bg4 28. Rf1 {Weiß steht klar auf Gewinn.} Nxc7 29. dxc7 Kxc7 {[%mdl 4096]
Endspiel KTT-KTL} 30. Re7+ Kd6 31. Rxg7 {die Stellung ist technisch gut zu
gewinnen [#]} h5 32. Kd2 b4 33. Rg6+ Ke7 34. Rff6 a5 35. Ra6 Rd8+ 36. Ke3 Rd5
37. Ra7+ Bd7 38. Rg7+ Kd8 {[#]} 39. Rgxd7+ $1 {Abtausch ins gewonnene
Bauernendspiel} Rxd7 40. Rxd7+ Kxd7 41. Kd4 1-0

[Event "SC Groebenzell 2-SV Roehrnbach 1"]
[Site "?"]
[Date "2024.10.06"]
[Round "1.2"]
[White "Scheckenbach, Franz"]
[Black "Knechtel, Roland"]
[Result "0-1"]
[WhiteElo "2015"]
[BlackElo "2143"]
[Annotator "Stockfish 17"]
[PlyCount "68"]
[EventDate "2024.??.??"]
[WhiteTeam "SC Gröbenzell 2"]
[BlackTeam "SV Röhrnbach 1"]

{[%evp 11,68,30,42,25,58,15,59,64,66,-1,-2,-77,0,-52,-62,-104,77,-120,72,0,0,
-25,8,0,32,41,128,124,181,191,178,69,84,24,23,24,27,24,22,26,31,32,38,0,39,0,0,
0,0,-49,0,-69,-70,-195,-186,-182,-179,-603,-589]} 1. e4 c5 2. Nf3 d6 3. d4 cxd4
4. Nxd4 Nf6 5. Nc3 a6 6. Bg5 Nbd7 7. Qe2 (7. Bc4 Qa5 8. Qd2 e6 9. O-O-O b5 10.
Bb3 Bb7 11. Rhe1 O-O-O $6 (11... Be7 12. Nf5 exf5 13. exf5 Ne5 14. f4 O-O-O 15.
fxe5 dxe5 16. Qe2 $14) 12. a3 Be7 13. Kb1 {Gulko,B-Petrosjan,T URS-ch Moscow
1976}) 7... Qa5 8. f4 e5 9. Nb3 Qc7 10. f5 (10. g4 $14) 10... b5 $11 11. O-O-O
$6 (11. a3 $11 {hält das Gleichgewicht.}) 11... Be7 (11... b4 $1 $17 {[%cal
Rb4c3]} 12. Nd5 Nxd5 13. exd5 (13. Rxd5 Bb7 $15) 13... h6) 12. Bxf6 Nxf6 13. g4
$17 h6 $2 (13... b4 $1 $17 {[%cal Rb4c3]} 14. Nd5 Nxd5 15. Rxd5 Bb7) 14. Bg2 $2
(14. a3 $1 $16 {hält den Druck.}) 14... Bb7 $2 {[#]} (14... b4 $17 {bleibt
auf Kurs.} 15. Nd5 Nxd5 16. exd5 a5) 15. h4 (15. a3 $1 $16) 15... b4 $1 {
[%cal Rb4c3]} 16. Nd5 Nxd5 17. exd5 Qb6 18. Nd2 Qa5 $6 ({Günstiger ist} 18...
a5 $14) 19. Kb1 $16 O-O-O 20. Ne4 (20. Rh3 Qb5 21. Qxb5 axb5 22. Ne4 $18 {
ist auch sehr vorteilhaft}) 20... Kb8 {[#]} 21. Qd3 (21. Rh3 $1 $18) 21... Rd7
22. g5 hxg5 23. hxg5 Rxh1 24. Bxh1 f6 25. g6 Rd8 {[%cal Bd7d8,Bd8h8,Bh8h4,
Bh4h2][%mdl 32]} 26. Ng3 Rh8 27. Bf3 Rh4 28. Qe2 Qc5 $11 29. Be4 a5 30. Qf3 $6
(30. b3 Ka7 31. Nh5 $11) 30... Rh2 31. Rc1 (31. b3 $11) 31... a4 $15 32. c4 $2
({Lieber} 32. Nh5 $15 Bf8 33. Ng3) 32... a3 $19 33. bxa3 bxa3 {( -> ...Db6+)}
34. Qc3 $2 (34. Bc2) 34... Qb6+ (34... Qb6+ 35. Ka1 Qb2+ 36. Qxb2 axb2+) 0-1

[Event "SC Groebenzell 2-SV Roehrnbach 1"]
[Site "?"]
[Date "2024.10.06"]
[Round "1.3"]
[White "Lipok, Erik"]
[Black "Heinisch, Niklas"]
[Result "0-1"]
[WhiteElo "2065"]
[BlackElo "2010"]
[Annotator "Stockfish 17"]
[PlyCount "80"]
[EventDate "2024.??.??"]
[WhiteTeam "SV Röhrnbach 1"]
[BlackTeam "SC Gröbenzell 2"]

{[%evp 10,79,15,-9,16,0,12,-37,-37,-38,-34,-87,-96,-120,-33,-169,-176,-248,
-244,-252,-240,-240,-245,-293,-221,-219,-191,-198,-126,-222,-202,-481,-446,
-527,-515,-516,-334,-444,-454,-600,-514,-514,-497,-501,-493,-540,-505,-636,
-624,-585,-567,-570,0,0,-13,-59,0,0,0,0,0,0,0,-763,-755,-739,-740,-1402,-1391,
-29998,-29999,-29999]} 1. c4 c6 2. Nc3 d5 3. cxd5 cxd5 4. d4 Nf6 5. Nf3 Nc6 6.
a3 a6 7. Bf4 Bf5 8. b4 Rc8 9. Rc1 e6 10. Qb3 $6 Ne4 11. e3 {[#]} g5 (11... Na5
$142 $1 $17 {[%cal Ra5b3][%mdl 512]} 12. Qb2 (12. bxa5 $2 Qxa5 {[%mdl 64]
Doppelangriff} 13. g4 Bxg4 $19) 12... Nxc3 13. Rxc3 Nc4 14. Bxc4 dxc4) 12. Bg3
$2 {[#]} (12. Nxe4 $1 $15 gxf4 13. Nc5) 12... h5 $1 $19 13. h3 (13. Qa4 $142 f6
14. Nxe4 dxe4 15. Bxa6) 13... Nxg3 14. fxg3 Bd6 15. Kd2 Bxg3 16. Na4 Be4 (16...
e5 $1) 17. Nc5 Bxf3 18. gxf3 Nxd4 {gekünstelt und nicht erfolgreich} (18...
Qe7 $1 19. Bd3 h4 $19 {bleibt vorne}) 19. Qa4+ $2 (19. exd4 $17 Bf4+ 20. Kc2
Bxc1 21. Kxc1 b6 22. Bxa6 $13) 19... Ke7 $19 (19... b5 $1 20. Qd1 Nf5 $19) 20.
Bg2 $2 (20. exd4 {ist der einzige Weg für Weiss..} Bf4+ {[%mdl 64] Spiess} 21.
Kd1 Bxc1 22. Kxc1) 20... Nb5 $19 (20... Nf5 $1 21. Nxb7 Qb6 $19) 21. Nxb7 Qb6
22. Nc5 Bd6 23. Nd3 Rc4 24. Nb2 {[#]} Nxa3 {[%mdl 512]} (24... Bf4 25. Nxc4
dxc4 26. Rhe1 Rd8+ $19 {gewinnt auch}) 25. Nxc4 (25. Rxc4 dxc4) 25... Nxc4+ (
25... dxc4 $2 26. Ke2 $19) 26. Rxc4 dxc4 27. Rb1 Rb8 28. Bf1 Bxb4+ 29. Ke2 a5
30. Kf2 Be1+ $2 {ein grober Bock, der alle Chancen vergibt} ({richtig war} 
30... Qd6 $19) 31. Rxe1 $11 c3 $40 {[%mdl 128] Und weiter mit ...Dc7 wäre
nett. Schwarz startet einen Angriff.} 32. Re2 {Mit der Idee Dc4.} Qc7 {[%mdl
1024] Weiss muss nun ...Tb1 beachten. Schwarz hat Kompensation.} 33. Qa3+ Kf6 {
...Tb1 ist eine echte Drohung.} 34. Rc2 Rc8 35. Qa4 Rd8 {Schwarz will ...Dh2+
spielen.} 36. Qa2 $2 {[%mdl 8192]} (36. Qc4 $11 Rc8 37. Qxc7 Rxc7 38. Ke2)
36... Qh2+ $19 37. Bg2 Rd1 38. e4 h4 {( -> ...Dg1+)} 39. f4 Qg3+ 40. Ke2 Re1#
0-1

[Event "SC Groebenzell 2-SV Roehrnbach 1"]
[Site "?"]
[Date "2024.10.06"]
[Round "1.4"]
[White "Stocker, Rupert"]
[Black "Neuwerth, Chulian"]
[Result "1-0"]
[WhiteElo "1982"]
[BlackElo "1973"]
[Annotator "Stockfish 17 "]
[PlyCount "98"]
[EventDate "2024.??.??"]
[WhiteTeam "SC Gröbenzell 2"]
[BlackTeam "SV Röhrnbach 1"]

{[%evp 12,98,-48,-42,-29,-23,-27,-25,-26,-25,-12,-19,19,17,17,14,21,-8,-10,-13,
-11,-11,-11,-12,26,9,10,11,19,14,65,69,158,87,192,47,243,247,254,259,245,222,
209,214,207,231,225,16,17,22,26,62,40,32,89,56,61,75,202,178,178,169,293,282,
314,321,321,321,307,281,260,300,288,231,567,568,857,832,790,782,1116,29981,
29986,29987,29987,29988,29988,29989,29997]} 1. c4 e5 2. g3 c6 3. Bg2 d5 4. cxd5
cxd5 5. d3 Nf6 6. Nf3 Nc6 7. O-O Be7 8. a3 O-O 9. b4 e4 10. dxe4 dxe4 11. Ng5
h6 12. Nxe4 Nxe4 13. Bxe4 Bf6 14. Ra2 Qe7 15. Bg2 Be6 16. Rd2 Rfd8 17. Qe1 Nd4
18. Bb2 Bc4 {[%cal Rd4e2]} 19. Bxd4 Bxd4 20. Bf3 Rd6 $6 21. Qc1 Bb5 $2 (21...
Be6 $1 $14) 22. Rfd1 (22. Nc3 $142 Bxc3 23. Rxd6 $16 (23. Qxc3 Rxd2 24. Qxd2
Rd8 $16) 23... Qxd6 24. Qxc3) 22... Rad8 (22... Qd7 $16 {ist eine bessere
Verteidigung.}) 23. e3 (23. Nc3 $142 $18 Bc6 24. Nd5 $1 Bxd5 25. Rxd4 Bxf3 26.
Rxd6 Rxd6 27. Qc8+ (27. exf3 Rxd1+ 28. Qxd1 g6 $16) 27... Kh7 28. Rxd6 Qxd6 29.
Qf5+ (29. exf3 Qd5 $16) 29... Kg8 30. Qxf3 (30. exf3 Qc6 $16)) 23... Bb6 $2 (
23... Bc6 $1 $14) 24. Rxd6 $18 Rxd6 25. Rxd6 Qxd6 26. Qc8+ Bd8 27. Nc3 Bc6 28.
Bxc6 bxc6 29. Ne4 $2 {verspielt wieder den Vorteil} (29. h3 $18) 29... Qd1+ $11
30. Kg2 Qd5 {[%cal Rd5e4]} 31. f3 Kh7 32. Nc5 Be7 33. Qd7 $36 {[%mdl 2048]}
Qa2+ 34. Kh3 Bxc5 $2 (34... Bf8 $16) 35. bxc5 $18 Qxa3 36. Qxc6 $18 {[%mdl
4096] [#] Endspiel KD-KD} Qc1 (36... a5 $142 37. Qe4+ Kg8) 37. Qd5 $18 a5 38.
c6 ({Nicht} 38. Qxf7 Qxc5 39. Qb3 Qc8+ 40. g4 Qa6 $14) 38... a4 39. Qe4+ g6 40.
Qxa4 {mit Gewinn} Qf1+ 41. Kg4 {c7 ist eine echte Drohung.} Qd3 {( -> ...Df5+)}
42. e4 Qe3 $2 {beschleunigt den Verlust} (42... Qc3 43. Qb5 g5 44. Qf5+ Kg7)
43. Qc4 h5+ {[#]} 44. Kh3 $1 Qxf3 45. c7 g5 46. c8=Q g4+ {Weiß setzt Matt.}
47. Kh4 Qf6+ 48. Kxh5 Qg6+ 49. Kh4 Qh5+ 1-0

[Event "SC Groebenzell 2-SV Roehrnbach 1"]
[Site "?"]
[Date "2024.10.06"]
[Round "1.5"]
[White "Hittinger, Christian"]
[Black "Schrader, Jan-Erik"]
[Result "1/2-1/2"]
[WhiteElo "1969"]
[BlackElo "2021"]
[Annotator "Stockfish 17"]
[PlyCount "84"]
[EventDate "2024.??.??"]
[WhiteTeam "SV Röhrnbach 1"]
[BlackTeam "SC Gröbenzell 2"]

{[%evp 14,84,41,15,21,7,7,-13,-12,-5,0,-1,2,-20,1,-22,-21,-21,9,-21,-13,-19,
-17,-23,-19,-62,-27,-27,-5,-23,-12,-25,-11,-6,2,1,29,25,27,31,28,26,34,35,37,
19,27,10,9,9,8,8,13,8,18,14,14,20,44,0,14,15,32,0,0,0,0,0,0,0,0,0,0]} 1. Nf3
Nf6 2. d4 d5 3. c4 e6 4. Nc3 c6 5. cxd5 exd5 6. Bg5 Be7 7. e3 Bg4 8. Be2 O-O 9.
O-O Nbd7 10. a3 h6 11. Bh4 Ne4 {[#] zielt auf ...Sxc3 ab.} 12. Bxe7 Qxe7 13.
Rc1 Rfe8 14. Ne1 Bf5 15. Nf3 Bg4 16. Ne1 Bf5 17. Nf3 {ist das ein Remisgebot?}
Ndf6 18. Ne1 Rac8 19. Nxe4 Nxe4 20. Nd3 Red8 21. Nc5 Rd6 22. Bg4 Bxg4 23. Qxg4
Re8 24. Nxe4 dxe4 25. Rc5 Rg6 26. Qf4 Rf6 27. Qg3 Qd7 28. Re5 Rfe6 29. Rxe6
Qxe6 $11 {[%mdl 4096] Endspiel KDT-KDT} 30. Qc7 Qb3 31. Qa5 Qxb2 32. Qxa7 Qb5
33. a4 Qb4 34. a5 Qb5 35. Rc1 Rd8 36. g3 Qb2 37. Rc5 Qd2 38. Qxb7 {[#] Droht
stark Tf5.} Qd1+ {Die Stellung ist ausgeglichen.} 39. Kg2 {Tf5 ist eine echte
Drohung.} Qf3+ 40. Kg1 {Schwarz muss nun Tc1 beachten.} Qd1+ 41. Kg2 {Und
weiter mit Tf5 wäre nett.} Qf3+ 42. Kg1 {Und Tc1 würde nun gewinnen.} Qd1+
1/2-1/2

[Event "SC Groebenzell 2-SV Roehrnbach 1"]
[Site "?"]
[Date "2024.10.06"]
[Round "1.6"]
[White "Seifert, Werner"]
[Black "Reineke, Malte"]
[Result "1/2-1/2"]
[WhiteElo "1904"]
[BlackElo "1920"]
[Annotator "Stockfish 17"]
[PlyCount "82"]
[EventDate "2024.??.??"]
[WhiteTeam "SC Gröbenzell 2"]
[BlackTeam "SV Röhrnbach 1"]

{[%evp 9,82,64,68,66,68,40,49,45,42,42,55,54,60,55,68,19,16,25,73,-3,0,-16,102,
98,200,188,207,187,207,111,107,114,166,60,91,95,94,96,96,94,192,179,211,189,
301,251,392,88,133,81,84,64,131,34,39,32,55,54,433,446,382,166,132,8,18,9,50,
-78,-79,-76,0,0,286,-13,0]} 1. e4 d6 2. d4 Nf6 3. Nc3 g6 4. Be3 a6 5. f3 b5 6.
Qd2 Nbd7 7. Nge2 Bb7 8. g4 Nb6 9. b3 h5 10. g5 Nfd7 11. Bg2 Bg7 12. Rd1 O-O 13.
O-O Rc8 14. Nf4 (14. f4 $16) 14... e6 $1 $11 15. d5 e5 $6 (15... b4 $11 16. Na4
exd5) 16. Nd3 $16 f6 $2 (16... c6 $16 {war nötig.}) 17. gxf6 $18 Nxf6 18. Bh3
Ra8 19. Bh6 (19. Kh1 $18) (19. Be6+ Kh8 20. f4 $18) 19... Bc8 $16 20. Bxc8 Qxc8
21. Qg5 (21. Kh1 $18) 21... Kh7 22. Bxg7 Kxg7 23. Rd2 Nh7 24. Qg3 Qd8 $2 (24...
Qe8 $16 {war angesagt.}) 25. Rg2 $18 Qf6 26. Ne2 $40 {[%mdl 128] Weiss hat
starken Angriff.} Kh6 $2 (26... Qf7 $142 27. f4 Nd7) 27. f4 {Weiß steht auf
Gewinn [#]} g5 (27... Nd7 {kämpft weiter.} 28. Kh1 Qf7) 28. f5 $2 (28. h4 $18
{ist viel giftiger.} g4 (28... gxf4 29. Nexf4 exf4 30. Nxf4 Rg8 31. Qe3 $18)
29. Rgf2 $18) 28... Nd7 {[%cal Bb6d7,Bd7f6,Bf6g4][%mdl 32]} 29. Qe3 Kg7 30. Ng3
Qf7 $6 {[#]} (30... Qh6 $14) 31. Ne1 (31. h4 $1 $16 {[%cal Rh4g5]} g4 32. Rc1)
31... Ndf6 32. Nf3 Ng4 33. Qd2 {Und h3 würde nun gewinnen.} Kf6 $2 {[%mdl
8192]} (33... Rg8 $1 $14) 34. h3 $1 Nh6 {[#]} 35. h4 (35. Nh4 $142 $1 {[%mdl
512]} Ke7 36. Ng6+ Kd8 37. h4) 35... Rg8 36. Ne2 ({Besser ist} 36. Kf2 $16)
36... Ng4 $11 37. Ng3 {Droht stark c4.} Rg7 38. hxg5+ (38. c4 $14 {bleibt
weiter vorne.} gxh4 39. Nxh4) 38... Nxg5 $17 {Droht ...h4! und aus.} 39. Nh4
Nh3+ ({Lieber} 39... Rh7 $17) 40. Kh1 $11 {zielt auf a3 ab.} Nf4 $2 {[%mdl
8192]} (40... Rh7 $11 {und Schwarz muss sich keine Sorgen machen.}) 41. Rgg1 $2
({Weiss kommt nicht vorbei an} 41. Rxf4 $18 exf4 42. e5+ (42. Qxf4 Ke7 $16)
42... dxe5 43. Ne4+ Ke7 44. f6+ {[%mdl 64] Doppelangriff} Kf8 45. fxg7+ Kxg7
46. Qc3) 41... Nh3 1/2-1/2

[Event "SC Groebenzell 2-SV Roehrnbach 1"]
[Site "?"]
[Date "2024.10.06"]
[Round "1.7"]
[White "Bernauer, Thomas"]
[Black "Eder, Alfred"]
[Result "0-1"]
[WhiteElo "1902"]
[BlackElo "1875"]
[Annotator "Stockfish 17"]
[PlyCount "52"]
[EventDate "2024.??.??"]
[WhiteTeam "SV Röhrnbach 1"]
[BlackTeam "SC Gröbenzell 2"]

{[%evp 9,52,-16,42,-19,33,-10,112,111,132,133,127,98,113,115,147,96,154,154,
142,138,140,146,145,155,182,170,141,165,242,210,288,306,362,285,280,35,34,40,
43,51,65,-51,-57,-29998,-29999]} 1. e4 g6 2. d4 Bg7 3. f4 d5 4. exd5 Qxd5 5.
Nf3 Bg4 6. Nc3 (6. Be2 $14) 6... Qa5 7. Bd2 c6 (7... Nc6 $11 {bleibt in der
Remisbreite.}) 8. h3 $16 Bxf3 9. Qxf3 Nf6 10. Bc4 (10. O-O-O $16 {und Weiß
steht klar besser}) 10... O-O 11. O-O-O $16 Qc7 12. Rhe1 e6 13. g4 {Weiß hat
klare Vorteile [#]} Nbd7 14. f5 exf5 15. gxf5 b5 16. Bb3 a5 17. fxg6 hxg6 {
Mit der Idee ...a4.} 18. Bf4 {Weiß hat alle Vorteile auf seiner Seite} Qb6 (
18... Qb7 {ist eine bessere Verteidigung.}) 19. a4 $18 b4 20. Ne4 Nd5 21. Bd6 (
21. h4 $18 {bot sich an}) 21... Rfe8 22. Ng5 $2 {wenig durchdacht} ({Lieber} 
22. Rf1 $18 f5 23. Nc5) 22... Rxe1 $1 $14 23. Qxf7+ {[%mdl 64] Doppelangriff}
Kh8 {Und ...Txd1+ würde nun gewinnen.} 24. Rxe1 {jetzt Te8+ und aus.} Qxd4 {
und alle Gewinnträume sind verflogen [#]} 25. c3 (25. Qe8+ $1 $14 Rxe8 26.
Rxe8+ Nf8 27. Rxf8+ Bxf8 {[#]} 28. Be5+ $1 {[%mdl 64] Doppelangriff} Bg7 29.
Bxd4 Bxd4 30. Bxd5 Be3+ 31. Kd1 Bxg5 32. Bxc6) 25... bxc3 $15 {( -> ...Dd2+)}
26. Qxd7 $4 {[%mdl 8192] ein Blackout, dabei gab es noch eine tolle
Rettungsaktion} (26. Re8+ $15 Rxe8 27. Qxe8+ Nf8 28. Qxf8+ Bxf8 29. Be5+ Bg7
30. Bxd4 Bxd4 31. Kb1) 26... Qd2+ {[%mdl 64] Doppelangriff.} 0-1

[Event "SC Groebenzell 2-SV Roehrnbach 1"]
[Site "?"]
[Date "2024.10.06"]
[Round "1.8"]
[White "Lengfeld, Thomas"]
[Black "Wolf, Andreas"]
[Result "1-0"]
[WhiteElo "1841"]
[BlackElo "1970"]
[Annotator "Stockfish 17"]
[PlyCount "73"]
[EventDate "2024.??.??"]
[WhiteTeam "SC Gröbenzell 2"]
[BlackTeam "SV Röhrnbach 1"]

{[%evp 11,73,12,8,-2,41,35,55,35,39,33,43,46,93,81,127,99,328,332,324,339,333,
339,303,315,340,260,255,251,271,279,364,341,343,352,405,405,405,406,400,393,
425,417,416,410,396,341,347,338,320,309,330,270,390,386,425,412,384,358,428,
445,488,490,570,571]} 1. e4 c6 2. d4 d5 3. e5 Bf5 4. Nf3 e6 5. Bd3 Bxd3 6. Qxd3
c5 7. c4 Nc6 8. cxd5 exd5 9. dxc5 Bxc5 10. O-O Nge7 11. Nc3 Qa5 12. a3 {[#]}
Rd8 $2 13. Bg5 {Schwarz muss nun b4 beachten.} Qc7 $2 (13... Qa6 $16 14. Nb5
O-O 15. b4 Bb6 16. Bxe7 Nxe7 17. Ng5 Ng6 18. e6 $18 {war auch problematisch})
14. b4 $18 Bb6 15. Nb5 Qb8 16. Nd6+ Rxd6 (16... Kf8 {macht keinen Spaß} 17.
Rfe1 h6 18. Bh4 $18) 17. exd6 Qxd6 18. Bxe7 ({härter ist} 18. b5 Nd8 19. Bxe7
Qxe7 20. Qxd5 $18) 18... Nxe7 19. Qb5+ Qc6 20. Qe2 Qe6 21. Rfe1 Qxe2 22. Rxe2 {
der Vorteil muß noch umgesetzt werden [#]} f6 23. Rae1 Bd8 24. Nd4 Kf7 25. Nb5
Nc6 26. Nd6+ Kg6 27. Nxb7 Bb6 28. Rd1 d4 29. Rc2 Ne5 30. Nc5 Rd8 31. Rcd2 Nc6 (
31... Bxc5 $142 32. bxc5 Nc6 {mit ebenfalls schlechten Aussichten}) 32. Na4 Rd5
33. Nxb6 axb6 34. Rc1 Ne5 35. f4 {Weiß steht klar auf Gewinn.} Ng4 36. Rc4 Rd6
37. Rdxd4 1-0